[Event "XXXI Festival Conca della Presolana A"]
[Site "Bratto - Castione della Presolana ITA"]
[Date "2011.08.28"]
[Round "9"]
[White "Arvola, Benjamin"]
[Black "Angelini, Marco"]
[Result "1-0"]
[WhiteElo "2207"]
[BlackElo "2185"]
[PlyCount "91"]
[EventDate "2011.08.20"]

1. e4 c5 2. Nf3 d6 3. d4 cxd4 4. Nxd4 Nf6 5. Nc3 a6 6. Bg5 e6 7. f4 Nbd7 8. Qf3
Qc7 9. O-O-O b5 10. Bd3 Bb7 11. Rhe1 Be7 12. Bxf6 Nxf6 13. g4 O-O-O 14. Kb1 Kb8
15. Qe2 Nd7 16. f5 Bf6 17. Qe3 Qb6 18. Bf1 b4 19. Na4 Qa5 20. fxe6 fxe6 21. b3
Rhe8 22. Bc4 Qe5 23. Bxa6 Nc5 24. Bxb7 Kxb7 25. Nb2 d5 26. Qe2 Qc7 27. e5 Bg5
28. Nb5 Qc6 29. Rd4 Na6 30. Nd6+ Rxd6 31. exd6 Bf6 32. Rf4 e5 33. g5 Bxg5 34.
Rf7+ Ka8 35. d7 Rd8 36. Qxe5 Bf6 37. Qe6 Qb7 38. Na4 Ka7 39. Qd6 Nc7 40. Qc5+
Ka8 41. Rf8 Nb5 42. Rxd8+ Bxd8 43. Qc8+ Ka7 44. Qxd8 Qc6 45. Qa5+ Kb7 46. d8=N+
1-0

[Event "XXXI Festival Conca della Presolana A"]
[Site "Bratto - Castione della Presolana ITA"]
[Date "2011.08.28"]
[Round "9"]
[White "Bemporad, Filippo"]
[Black "Radice, Luca"]
[Result "1-0"]
[WhiteElo "2068"]
[BlackElo "2021"]
[PlyCount "93"]
[EventDate "2011.08.20"]

1. d4 d6 2. Nf3 f5 3. c4 Nf6 4. Nc3 g6 5. g3 Bg7 6. Bg2 O-O 7. O-O Nc6 8. d5
Na5 9. Qd3 c5 10. b3 Bd7 11. Bb2 a6 12. Rab1 Rb8 13. Nd2 Ng4 14. e3 Ne5 15. Qc2
b5 16. f4 Ng4 17. Nd1 Bxb2 18. Rxb2 bxc4 19. bxc4 Rxb2 20. Qxb2 Qc7 21. h3 Nf6
22. Qc2 e6 23. Qd3 exd5 24. Bxd5+ Nxd5 25. Qxd5+ Kg7 26. Nc3 Nc6 27. Nf3 Nb4
28. Qd2 Be6 29. a3 Bxc4 30. axb4 Bxf1 31. Kxf1 cxb4 32. Qd4+ Kg8 33. Qxb4 Rb8
34. Qd4 h6 35. Qf6 Kh7 36. h4 Rc8 37. Ne2 a5 38. h5 gxh5 39. Nh4 Rg8 40. Qxf5+
Kg7 41. Qg6+ Kf8 42. Qxh6+ Ke8 43. Qe6+ Kf8 44. Ng6+ Kg7 45. Ne7 Rb8 46. f5 Kf8
47. f6 1-0

[Event "XXXI Festival Conca della Presolana A"]
[Site "Bratto - Castione della Presolana ITA"]
[Date "2011.08.28"]
[Round "9"]
[White "Cani, Gazmir"]
[Black "Janczarski, Michal"]
[Result "1/2-1/2"]
[WhiteElo "2114"]
[BlackElo "2316"]
[PlyCount "174"]
[EventDate "2011.08.20"]

1. d4 Nf6 2. Bg5 c5 3. Bxf6 gxf6 4. dxc5 Qa5+ 5. Nc3 Qxc5 6. e3 Nc6 7. Nge2 d6
8. Qd2 Bd7 9. O-O-O O-O-O 10. Nd5 Qa5 11. Qxa5 Nxa5 12. Nef4 Rg8 13. Rg1 Nc6
14. Bb5 Re8 15. h3 f5 16. c3 Bg7 17. Nh5 Bh8 18. Be2 Ne5 19. f4 Nc6 20. g4 Be6
21. Bf3 fxg4 22. hxg4 f5 23. g5 Kd7 24. e4 fxe4 25. Bxe4 Bxd5 26. Bxd5 e6 27.
Be4 Re7 28. f5 exf5 29. Bxf5+ Kc7 30. Nf6 Re5 31. Nxg8 Rxf5 32. Rdf1 Rc5 33.
Rf7+ Kb6 34. Rxh7 Bd4 35. Rg3 Bf2 36. Rhh3 Bxg3 37. Rxg3 Nd4 38. Kd2 Nf5 39.
Rg4 Ng7 40. Nf6 Rf5 41. Ne4 d5 42. Ng3 Rf2+ 43. Ne2 Rh2 44. Kd3 Kc5 45. a4 Kd6
46. a5 Rf2 47. Rb4 Ne6 48. Ke3 Rf7 49. Rg4 Re7 50. g6 Ke5 51. Nf4 Kf5 52. Nxd5
Rd7 53. c4 Kxg4 54. Nf6+ Kf5 55. Nxd7 Kxg6 56. Ke4 Kf7 57. a6 bxa6 58. Kd5 Ke7
59. Nb8 Nf4+ 60. Kc6 Nd3 61. b3 a5 62. Kb5 Kd6 63. Kxa5 Kc5 64. Na6+ Kd6 65.
Kb5 Nc1 66. b4 Nd3 67. c5+ Kd7 68. Kc4 Nb2+ 69. Kd5 Nd3 70. b5 Nf4+ 71. Ke5 Ne2
72. Kd5 Nf4+ 73. Kc4 Ne6 74. Kb4 Nd4 75. Ka4 Ne6 76. Ka5 Nd4 77. Kb4 Ne6 78.
Kc4 Nf4 79. Nb4 Kc8 80. Nd3 Ne2 81. Ne5 Kb7 82. Nc6 Nf4 83. Nd4 Kc7 84. c6 Kb6
85. Nf5 a6 86. bxa6 Kxc6 87. a7 Kb7 1/2-1/2

[Event "XXXI Festival Conca della Presolana A"]
[Site "Bratto - Castione della Presolana ITA"]
[Date "2011.08.28"]
[Round "9"]
[White "Cebalo, Miso"]
[Black "Genocchio, Daniele"]
[Result "1/2-1/2"]
[WhiteElo "2484"]
[BlackElo "2446"]
[PlyCount "48"]
[EventDate "2011.08.20"]

1. c4 e5 2. g3 Nc6 3. Nc3 Bc5 4. Bg2 d6 5. e3 a6 6. Nge2 Ba7 7. a3 h5 8. h4 Nh6
9. b4 O-O 10. d4 Bg4 11. c5 Qe8 12. f3 Bd7 13. Nd5 Rc8 14. O-O Nf5 15. Kh2 Nce7
16. dxe5 Nxd5 17. Qxd5 Bc6 18. Qb3 dxc5 19. e4 Nd4 20. Nxd4 cxd4 21. Bh3 Ba4
22. Qd5 Bc6 23. Qb3 Ba4 24. Qd5 Bc6 1/2-1/2

[Event "XXXI Festival Conca della Presolana A"]
[Site "Bratto - Castione della Presolana ITA"]
[Date "2011.08.28"]
[Round "9"]
[White "Codenotti, Marco"]
[Black "De La Villa Garcia, Jesus Maria"]
[Result "1/2-1/2"]
[WhiteElo "2323"]
[BlackElo "2490"]
[PlyCount "50"]
[EventDate "2011.08.20"]

1. e4 e6 2. d4 d5 3. Nd2 Nf6 4. e5 Nfd7 5. Bd3 c5 6. c3 Nc6 7. Ne2 cxd4 8. cxd4
f6 9. exf6 Nxf6 10. Nf3 Bd6 11. O-O O-O 12. Bf4 Bxf4 13. Nxf4 Ng4 14. Qd2 Qf6
15. Nh5 Qh6 16. Qxh6 Nxh6 17. Rfe1 Nf5 18. Bxf5 Rxf5 19. Ng3 Rxf3 20. gxf3 Nxd4
21. Rec1 Nxf3+ 22. Kg2 Nh4+ 23. Kh3 Nf3 24. Kg2 Nh4+ 25. Kh3 Nf3 1/2-1/2

[Event "XXXI Festival Conca della Presolana A"]
[Site "Bratto - Castione della Presolana ITA"]
[Date "2011.08.28"]
[Round "9"]
[White "Cugini, Verter"]
[Black "Bianchi, Andrea"]
[Result "1/2-1/2"]
[WhiteElo "2053"]
[BlackElo "2142"]
[PlyCount "175"]
[EventDate "2011.08.20"]

1. e4 d6 2. d4 Nf6 3. Nc3 e5 4. dxe5 dxe5 5. Qxd8+ Kxd8 6. Bc4 Be6 7. Bxe6 fxe6
8. Nf3 Bd6 9. Be3 Nbd7 10. O-O-O Ke7 11. Nd2 a6 12. f3 b5 13. Nb3 c5 14. Rd2 c4
15. Na5 Rhc8 16. a3 Bc5 17. Bxc5+ Nxc5 18. Rhd1 Rc7 19. Na2 Nb7 20. Nxb7 Rxb7
21. Nb4 Rb6 22. c3 Ra7 23. Rd8 a5 24. Nc2 Nd7 25. Rg8 Kf7 26. Rc8 Ke7 27. a4 b4
28. Rxc4 bxc3 29. bxc3 Rb3 30. Rc6 Nb8 31. Rc8 Nd7 32. Na1 Rbb7 33. Rc6 Nb8 34.
Rc5 Nd7 35. Rc6 Nb8 36. Rc8 Nd7 37. Kc2 Nb6 38. Rg8 Kf7 39. Rdd8 Nxa4 40. Rgf8+
Kg6 41. Nb3 Rc7 42. Rd3 Ra6 43. Rb8 Kf6 44. Nc1 Rac6 45. Na2 Nc5 46. Rdd8 Na6
47. Rf8+ Kg6 48. Rb5 Nb4+ 49. Kb3 Nxa2 50. Kxa2 Rxc3 51. Ra8 Rc2+ 52. Rb2 R7c5
53. Re8 Kf6 54. Rf8+ Ke7 55. Rg8 Kf7 56. Ra8 h5 57. Ra7+ Kf6 58. Ra8 h4 59. Rh8
Kg5 60. Rf8 R5c3 61. Rf7 g6 62. g3 hxg3 63. hxg3 Rxb2+ 64. Kxb2 Re3 65. Kc2 a4
66. Kd2 Rb3 67. Ke2 a3 68. Ra7 Kf6 69. Kf2 Rb2+ 70. Ke3 a2 71. f4 exf4+ 72.
gxf4 g5 73. fxg5+ Kxg5 74. Ra5+ Kf6 75. Kf4 Rf2+ 76. Ke3 Rh2 77. Kf4 e5+ 78.
Kg4 Rg2+ 79. Kf3 Rb2 80. Kg4 Rf2 81. Kg3 Rf4 82. Rxa2 Rxe4 83. Kf3 Rb4 84. Ra8
Rb3+ 85. Ke4 Rb4+ 86. Ke3 Rh4 87. Rf8+ Ke7 88. Ra8 1/2-1/2

[Event "XXXI Festival Conca della Presolana A"]
[Site "Bratto - Castione della Presolana ITA"]
[Date "2011.08.28"]
[Round "9"]
[White "De Florio, Federico"]
[Black "Gonella, Daniele"]
[Result "0-1"]
[WhiteElo "2176"]
[BlackElo "2067"]
[PlyCount "130"]
[EventDate "2011.08.20"]

1. d4 d5 2. Nf3 Nf6 3. c4 e6 4. e3 Be7 5. Nbd2 dxc4 6. Bxc4 O-O 7. O-O c5 8.
dxc5 Bxc5 9. b3 b6 10. Qe2 Bb7 11. Bb2 Qe7 12. a3 Nbd7 13. b4 Bd6 14. e4 Bf4
15. e5 Nd5 16. Ne4 a5 17. Nd6 Rfb8 18. Qe4 Ba6 19. b5 Nc5 20. Qd4 Bb7 21. Nxb7
Qxb7 22. Bxd5 Qxd5 23. Qxf4 Nd3 24. Qd2 Qxb5 25. Bd4 Rd8 26. a4 Qc4 27. Bxb6
Rd5 28. Qe3 Rc8 29. g3 h6 30. Rfd1 Qb3 31. Bxa5 Ra8 32. Bc7 Rxa4 33. Rab1 Qc2
34. Bd6 Nxf2 35. Rdc1 Nh3+ 36. Kf1 Qf5 37. Rb3 Ra2 38. Ke1 Nf2 39. Qxf2 Rxf2
40. Kxf2 g5 41. Ke2 Qh3 42. Rc8+ Kg7 43. Rbb8 Kg6 44. Rg8+ Kh5 45. Rxg5+ hxg5
46. Rh8+ Kg4 47. Rxh3 Kxh3 48. Nxg5+ Kxh2 49. Ne4 Rb5 50. Kf3 Rb3+ 51. Kf4 Kg2
52. g4 Kh3 53. Kg5 Rf3 54. Nf6 Kg3 55. Kh6 Rb3 56. g5 Kf4 57. Nd5+ Ke4 58. Nc7
Rg3 59. Ne8 Kf5 60. Ng7+ Kg4 61. Nxe6 fxe6 62. g6 Kf5 63. Kg7 Rxg6+ 64. Kf7 Rg4
65. Ke7 Re4 0-1

[Event "XXXI Festival Conca della Presolana A"]
[Site "Bratto - Castione della Presolana ITA"]
[Date "2011.08.28"]
[Round "9"]
[White "Dritsakos, Alessio"]
[Black "Vrhovnik, Damir"]
[Result "1-0"]
[WhiteElo "2004"]
[BlackElo "2082"]
[PlyCount "43"]
[EventDate "2011.08.20"]

1. e4 c5 2. Nf3 d6 3. d4 cxd4 4. Nxd4 Nf6 5. Nc3 g6 6. Be3 Bg7 7. f3 Nc6 8. Qd2
O-O 9. O-O-O Bd7 10. g4 Ne5 11. h4 h5 12. gxh5 Nxh5 13. Bh6 Rc8 14. Bxg7 Kxg7
15. Rg1 b5 16. Bxb5 Bxb5 17. Ncxb5 Nc4 18. Nf5+ Kf6 19. Qg5+ Ke6 20. Ne3 Rc5
21. Qxc5 dxc5 22. Rxd8 1-0

[Event "XXXI Festival Conca della Presolana A"]
[Site "Bratto - Castione della Presolana ITA"]
[Date "2011.08.28"]
[Round "9"]
[White "Efroimski, Marsel"]
[Black "Krzyzanowski, Marcin"]
[Result "1/2-1/2"]
[WhiteElo "2235"]
[BlackElo "2370"]
[PlyCount "55"]
[EventDate "2011.08.20"]

1. e4 c5 2. Nf3 a6 3. c3 d6 4. d4 Qc7 5. Be2 g6 6. Bf4 Bg7 7. Nbd2 Nd7 8. O-O
Ngf6 9. e5 Nh5 10. Be3 dxe5 11. dxe5 Nxe5 12. Nxe5 Qxe5 13. Bf3 O-O 14. Nb3 Nf6
15. Nxc5 Qc7 16. Na4 Nd7 17. Qb3 Ne5 18. Be2 Ng4 19. Bxg4 Bxg4 20. Qb6 Qxb6 21.
Nxb6 Rad8 22. h3 Be6 23. Rfd1 Be5 24. Na4 f5 25. Re1 Rd5 26. Bh6 Rf6 27. Bg5
Rf7 28. Rad1 1/2-1/2

[Event "XXXI Festival Conca della Presolana A"]
[Site "Bratto - Castione della Presolana ITA"]
[Date "2011.08.28"]
[Round "9"]
[White "Getz, Nicolai"]
[Black "Brunello, Marina"]
[Result "1/2-1/2"]
[WhiteElo "2385"]
[BlackElo "2228"]
[PlyCount "89"]
[EventDate "2011.08.20"]

1. Nf3 Nf6 2. g3 d5 3. Bg2 c6 4. b3 Bf5 5. O-O Nbd7 6. Bb2 e6 7. d3 Qb8 8. c4
Be7 9. Nbd2 Bg6 10. Qc2 O-O 11. Rfe1 Re8 12. a3 a5 13. e4 dxe4 14. dxe4 e5 15.
Nh4 Bc5 16. Nxg6 hxg6 17. Nf3 Qd6 18. Re2 Qe7 19. Bh3 Rad8 20. Kg2 Bd6 21. Bxd7
Nxd7 22. Rd2 f6 23. Rad1 Nc5 24. b4 axb4 25. axb4 Ne6 26. c5 Bc7 27. h4 Rxd2
28. Nxd2 Rd8 29. Nc4 Rxd1 30. Qxd1 Qd8 31. Qb3 Qd7 32. Bc1 Kh7 33. Be3 Kh8 34.
Qc2 Kh7 35. Qe2 Kg8 36. f3 Kh7 37. Nb2 Kh8 38. Nd1 Qd8 39. Nf2 b5 40. cxb6 Bxb6
41. Bxb6 Qxb6 42. Qc4 Nd4 43. Nd3 Nb5 44. Qf7 Qe3 45. Qxg6 1/2-1/2

[Event "XXXI Festival Conca della Presolana A"]
[Site "Bratto - Castione della Presolana ITA"]
[Date "2011.08.28"]
[Round "9"]
[White "Guerra, Alessandro"]
[Black "Bonade', Massimo"]
[Result "1-0"]
[WhiteElo "2204"]
[BlackElo "2079"]
[PlyCount "61"]
[EventDate "2011.08.20"]

1. e4 c5 2. Nf3 d6 3. Bc4 e6 4. O-O Nf6 5. Re1 Be7 6. e5 dxe5 7. Nxe5 O-O 8. d3
a6 9. Qf3 Nd5 10. Bxd5 exd5 11. Nc3 Be6 12. Bf4 Bf6 13. Rad1 b5 14. d4 b4 15.
Ne2 c4 16. Nxc4 Nd7 17. Ne5 Rc8 18. Qb3 a5 19. Ng3 Nb6 20. Nh5 Be7 21. Qg3 g5
22. Nf3 h6 23. Bxg5 hxg5 24. Qe5 f6 25. Qxe6+ Rf7 26. Qf5 Nc4 27. Rxe7 Rxe7 28.
Nxf6+ Kh8 29. Ne5 Nxe5 30. dxe5 Rc4 31. Qxg5 1-0

[Event "XXXI Festival Conca della Presolana A"]
[Site "Bratto - Castione della Presolana ITA"]
[Date "2011.08.28"]
[Round "9"]
[White "Horvath, Csaba"]
[Black "Juhasz, Kristof"]
[Result "1/2-1/2"]
[WhiteElo "2517"]
[BlackElo "2334"]
[PlyCount "60"]
[EventDate "2011.08.20"]

1. d4 Nf6 2. c4 g6 3. Nc3 d5 4. Bf4 Bg7 5. e3 c5 6. dxc5 Qa5 7. Rc1 dxc4 8.
Bxc4 O-O 9. Nge2 Qxc5 10. Qb3 Nc6 11. Nb5 Qh5 12. Ng3 Qh4 13. Nc7 e5 14. Bg5
Qxg5 15. h4 Qg4 16. Nxa8 Na5 17. Qb5 Nxc4 18. Rxc4 Bd7 19. Qb4 e4 20. Nc7 Bc6
21. Qd6 h5 22. b3 Rc8 23. a4 a6 24. Qe7 Bd5 25. Nxd5 Nxd5 26. Rxc8+ Qxc8 27.
Qxe4 Qc1+ 28. Ke2 Qb2+ 29. Kf1 Qa1+ 30. Ke2 Qb2+ 1/2-1/2

[Event "XXXI Festival Conca della Presolana A"]
[Site "Bratto - Castione della Presolana ITA"]
[Date "2011.08.28"]
[Round "9"]
[White "Iasman, Inna"]
[Black "Attuati, Stefano"]
[Result "1/2-1/2"]
[WhiteElo "2014"]
[BlackElo "1963"]
[PlyCount "83"]
[EventDate "2011.08.20"]

1. d4 e6 2. c4 f5 3. Nf3 Nf6 4. g3 d5 5. Bg2 c6 6. Qc2 Bd6 7. O-O O-O 8. b3 Qe7
9. Bb2 b6 10. Nbd2 Ne4 11. a3 a5 12. Ne5 Nxd2 13. Qxd2 Bb7 14. cxd5 cxd5 15.
Rfc1 Nd7 16. Nxd7 Qxd7 17. e3 Ba6 18. Qd1 Rac8 19. a4 Bb4 20. Bf1 Bxf1 21. Qxf1
Bd2 22. Rd1 Rc2 23. Qd3 Rxb2 24. Rxd2 Rxd2 25. Qxd2 Rc8 26. Rc1 Rc6 27. Kf1 Qc7
28. Rxc6 Qxc6 29. Ke2 Kf7 30. Kd3 Kf6 31. h4 Qc8 32. Ke2 Qa6+ 33. Qd3 Qxd3+ 34.
Kxd3 g5 35. hxg5+ Kxg5 36. f3 h5 37. Ke2 Kg6 38. Kf2 Kh6 39. Kg2 Kg6 40. Kh3
Kg5 41. Kg2 Kf6 42. Kh3 1/2-1/2

[Event "XXXI Festival Conca della Presolana A"]
[Site "Bratto - Castione della Presolana ITA"]
[Date "2011.08.28"]
[Round "9"]
[White "Negro, Roberto"]
[Black "Altini, Nicola"]
[Result "0-1"]
[WhiteElo "2170"]
[BlackElo "2267"]
[PlyCount "114"]
[EventDate "2011.08.20"]

1. d4 g6 2. c4 Bg7 3. Nc3 c5 4. d5 Bxc3+ 5. bxc3 f5 6. f3 Qa5 7. Qc2 d6 8. e4
Nf6 9. exf5 Bxf5 10. Bd3 Bxd3 11. Qxd3 Nbd7 12. Ne2 Ne5 13. Qb1 O-O 14. Bh6
Rfe8 15. h4 Qa4 16. h5 Qxc4 17. hxg6 hxg6 18. Nf4 Nxd5 19. Nxg6 Nd3+ 20. Kf1
Nxc3 21. Qb3 Qxb3 22. axb3 Kf7 23. Nh4 Rh8 24. Bd2 Nb5 25. g4 Ne5 26. Kg2 Nd4
27. Bc3 Ng6 28. Nxg6 Rxh1 29. Rxh1 Kxg6 30. b4 Ne2 31. Bd2 cxb4 32. Re1 Nd4 33.
Rxe7 b5 34. Re4 Nc2 35. Re6+ Kf7 36. Rxd6 b3 37. Bc3 b4 38. Bb2 Ne3+ 39. Kf2
Nc4 40. Rd3 Nxb2 41. Rxb3 Nd1+ 42. Ke1 Nc3 43. Rxb4 a5 44. Rb3 Nd5 45. Kd2 Ke6
46. Kd3 Kd6 47. Kc4 Rc8+ 48. Kd4 Rf8 49. Kc4 Kc6 50. Rd3 Nb6+ 51. Kb3 Kb5 52.
Re3 a4+ 53. Ka2 Nc4 54. Rd3 Re8 55. g5 Re2+ 56. Ka1 Kb4 57. f4 Na5 0-1

[Event "XXXI Festival Conca della Presolana A"]
[Site "Bratto - Castione della Presolana ITA"]
[Date "2011.08.28"]
[Round "9"]
[White "Nepi, Ezio"]
[Black "Mikalsen, Erlend"]
[Result "0-1"]
[WhiteElo "1930"]
[BlackElo "2037"]
[PlyCount "98"]
[EventDate "2011.08.20"]

1. d4 Nf6 2. c4 g6 3. Nc3 Bg7 4. e4 d6 5. Bd3 O-O 6. Nge2 e5 7. d5 a5 8. O-O
Na6 9. Bc2 Nc5 10. Rb1 Nh5 11. a3 f5 12. exf5 gxf5 13. f4 e4 14. b4 axb4 15.
axb4 Nd7 16. Be3 Ndf6 17. Bd4 Rf7 18. c5 Ng4 19. h3 Bxd4+ 20. Nxd4 Ngf6 21. Bb3
Rg7 22. Ne6 Bxe6 23. dxe6 Kh8 24. Rb2 dxc5 25. Rd2 Qe7 26. Nd5 Nxd5 27. Rxd5
Ng3 28. Rd7 Qf6 29. e7 Re8 30. Rd8 Qxe7 31. Rxe8+ Qxe8 32. Re1 cxb4 33. Re3 Nh5
34. Qd4 Nxf4 35. Kh2 Ng6 36. Rg3 f4 37. Rg5 h6 38. Rd5 Kh7 39. Bc2 f3 40. Bxe4
fxg2 41. Rd8 Qe7 42. Kxg2 c5 43. Qd3 Qg5+ 44. Kh2 h5 45. Rd5 Qf4+ 46. Kh1 Kh6
47. Bf3 Ne5 48. Rd6+ Kg5 49. Qd5 Qxf3+ 0-1

[Event "XXXI Festival Conca della Presolana A"]
[Site "Bratto - Castione della Presolana ITA"]
[Date "2011.08.29"]
[Round "9"]
[White "Osuna Munoz, Xavier"]
[Black "Bresciani, Nicola"]
[Result "1/2-1/2"]
[WhiteElo "2104"]
[BlackElo "2287"]
[PlyCount "97"]
[EventDate "2011.08.20"]

1. e4 c5 2. Nc3 Nc6 3. Bb5 Nd4 4. Bc4 g6 5. Nge2 Bg7 6. Nxd4 cxd4 7. Qf3 Nh6 8.
Ne2 O-O 9. h4 Ng4 10. Bb3 h5 11. d3 a5 12. a4 d6 13. Qg3 Kh7 14. f3 Nh6 15. Nf4
e6 16. Bd2 Qc7 17. Nh3 Bd7 18. Ng5+ Kg8 19. O-O Rae8 20. f4 Ng4 21. Nh3 Bh6 22.
Rad1 Qc5 23. Qe1 b6 24. Rf3 Bc6 25. Nf2 Nf6 26. Rg3 Kh7 27. Kh1 d5 28. e5 Ng8
29. c3 dxc3 30. bxc3 Qa3 31. Rb1 Rb8 32. Bc1 Qe7 33. Rh3 Qa7 34. Qd1 f5 35. d4
Rfc8 36. Nd3 Bf8 37. Be3 Nh6 38. Rf3 Qd7 39. g3 Bb7 40. Bd2 Ba6 41. Nf2 b5 42.
Ra1 Ra8 43. axb5 Bxb5 44. Ba4 Rcb8 45. Re3 Bxa4 46. Qxa4 Qxa4 47. Rxa4 Rb2 48.
Be1 Rc2 49. Kg1 1/2-1/2

[Event "XXXI Festival Conca della Presolana A"]
[Site "Bratto - Castione della Presolana ITA"]
[Date "2011.08.28"]
[Round "9"]
[White "Panchanathan, Magesh Chandran"]
[Black "Bellia, Fabrizio"]
[Result "0-1"]
[WhiteElo "2556"]
[BlackElo "2424"]
[PlyCount "64"]
[EventDate "2011.08.20"]

1. d4 Nf6 2. c4 e6 3. g3 c5 4. Nf3 cxd4 5. Nxd4 d5 6. Bg2 e5 7. Nb5 a6 8. N5c3
d4 9. Nd5 Nc6 10. O-O Be7 11. e3 O-O 12. exd4 Nxd5 13. cxd5 Nxd4 14. Nc3 Bf5
15. f4 f6 16. Kh1 Qd7 17. Rf2 Bh3 18. Be4 Bf5 19. Bxf5 Nxf5 20. fxe5 fxe5 21.
Qg4 Bc5 22. Rf3 h5 23. Qc4 Nd4 24. Rxf8+ Rxf8 25. Be3 Qh3 26. d6+ Kh8 27. Bxd4
Bxd4 28. Ne4 h4 29. Ng5 Qg4 30. gxh4 Rf2 31. Qd5 Qf4 32. Nf3 Rxf3 0-1

[Event "XXXI Festival Conca della Presolana A"]
[Site "Bratto - Castione della Presolana ITA"]
[Date "2011.08.28"]
[Round "9"]
[White "Pedzich, Dominik"]
[Black "Marguerettaz, Davy"]
[Result "1-0"]
[WhiteElo "2418"]
[BlackElo "2160"]
[PlyCount "77"]
[EventDate "2011.08.20"]

1. e4 c6 2. d4 d5 3. Nc3 dxe4 4. Nxe4 Bf5 5. Ng3 Bg6 6. h4 h6 7. Nf3 Nd7 8. h5
Bh7 9. Bd3 Bxd3 10. Qxd3 e6 11. Bd2 Ngf6 12. O-O-O Qc7 13. Qe2 O-O-O 14. Ne5
Nxe5 15. dxe5 Nd5 16. f4 Be7 17. a3 Kb8 18. c4 Nb6 19. Kb1 Rd7 20. Ne4 c5 21.
Ba5 Rhd8 22. Rxd7 Rxd7 23. Rd1 Rxd1+ 24. Qxd1 Qc6 25. Qd3 Nc8 26. Bc3 Kc7 27.
g4 Qd7 28. Qxd7+ Kxd7 29. Kc2 Bf8 30. Kd3 Kc6 31. f5 a6 32. b3 b5 33. f6 Nb6
34. fxg7 Bxg7 35. Nd6 b4 36. axb4 cxb4 37. Bxb4 Bxe5 38. Nxf7 Nd7 39. Nxh6 1-0

[Event "XXXI Festival Conca della Presolana A"]
[Site "Bratto - Castione della Presolana ITA"]
[Date "2011.08.28"]
[Round "9"]
[White "Ranfagni, Stefano"]
[Black "O'Leary, Matt"]
[Result "1-0"]
[WhiteElo "2006"]
[BlackElo "1953"]
[PlyCount "63"]
[EventDate "2011.08.20"]

1. e4 c5 2. Nc3 Nc6 3. g3 Nf6 4. Bg2 d6 5. d3 e5 6. h3 Be7 7. Be3 Be6 8. Qd2 a6
9. Nge2 O-O 10. O-O b5 11. f4 b4 12. Nd5 Rc8 13. Nxe7+ Qxe7 14. g4 c4 15. g5
Nh5 16. f5 cxd3 17. cxd3 Bd7 18. Bf3 g6 19. Bxh5 gxh5 20. Ng3 h4 21. Nh5 Kh8
22. Nf6 Nd4 23. Bxd4 exd4 24. Qf2 Rg8 25. Nxg8 Qxg5+ 26. Kh1 Rxg8 27. Qxd4+ f6
28. Rg1 Qh6 29. Rxg8+ Kxg8 30. Rg1+ Kf7 31. Qxd6 Bb5 32. Qe6+ 1-0

[Event "XXXI Festival Conca della Presolana A"]
[Site "Bratto - Castione della Presolana ITA"]
[Date "2011.08.28"]
[Round "9"]
[White "Reinaldo Castineira, Roi"]
[Black "Manca, Federico"]
[Result "0-1"]
[WhiteElo "2492"]
[BlackElo "2401"]
[PlyCount "84"]
[EventDate "2011.08.20"]

1. e4 e5 2. d4 Nc6 3. d5 Nce7 4. c4 Ng6 5. Be3 Nf6 6. f3 Bb4+ 7. Nd2 Qe7 8. Rc1
b6 9. c5 Bxc5 10. Bxc5 bxc5 11. Qc2 d6 12. b4 O-O 13. bxc5 Nh5 14. g3 f5 15.
Bd3 f4 16. Ne2 fxg3 17. hxg3 Qg5 18. Bc4 Nf6 19. c6 h5 20. Nf1 Nh7 21. Qd2 Qf6
22. f4 exf4 23. gxf4 Bg4 24. Nfg3 h4 25. e5 dxe5 26. Ne4 Qf5 27. d6+ Kh8 28.
N2g3 Qxf4 29. d7 Bf3 30. Qxf4 exf4 31. O-O fxg3 32. Rxf3 Rxf3 33. Nd6 Ng5 34.
Nc8 Rf8 35. Ba6 Rb8 36. Rf1 Rxf1+ 37. Kxf1 Rb1+ 38. Ke2 Ne6 39. Nd6 g2 40. Nf7+
Kg8 41. Bc4 g1=Q 42. Nh6+ Kh7 0-1

[Event "XXXI Festival Conca della Presolana A"]
[Site "Bratto - Castione della Presolana ITA"]
[Date "2011.08.28"]
[Round "9"]
[White "Sala, Giovanni"]
[Black "Podini, Francesco"]
[Result "1-0"]
[WhiteElo "1967"]
[BlackElo "2033"]
[PlyCount "51"]
[EventDate "2011.08.20"]

1. c4 c5 2. g3 Nc6 3. Bg2 g6 4. Nc3 Bg7 5. Nf3 d6 6. O-O Rb8 7. e3 Nf6 8. d4
O-O 9. b3 a6 10. a4 Bd7 11. Ba3 b6 12. Rc1 Na5 13. Re1 Qc8 14. Nd5 Nxd5 15.
cxd5 Qb7 16. Nd2 Rfc8 17. Bf1 Qa7 18. b4 cxb4 19. Rxc8+ Rxc8 20. Bxb4 Nb7 21.
Qb3 e5 22. dxe6 Bxe6 23. Bc4 Rxc4 24. Nxc4 b5 25. axb5 axb5 26. Qa3 1-0

[Event "XXXI Festival Conca della Presolana A"]
[Site "Bratto - Castione della Presolana ITA"]
[Date "2011.08.28"]
[Round "9"]
[White "Salmoiraghi, Angelo"]
[Black "Qendro, Llambi"]
[Result "1/2-1/2"]
[WhiteElo "2152"]
[BlackElo "2343"]
[PlyCount "39"]
[EventDate "2011.08.20"]

1. d4 g6 2. c4 Bg7 3. Nf3 d6 4. g3 Nf6 5. Bg2 O-O 6. Nc3 Nbd7 7. O-O e5 8. e4
exd4 9. Nxd4 Nc5 10. h3 Re8 11. Re1 a5 12. Qc2 Nfd7 13. Be3 Ne5 14. b3 Bd7 15.
Rad1 Qc8 16. Kh2 a4 17. f4 axb3 18. axb3 Nc6 19. Nxc6 Bxc6 20. Bxc5 1/2-1/2

[Event "XXXI Festival Conca della Presolana A"]
[Site "Bratto - Castione della Presolana ITA"]
[Date "2011.08.28"]
[Round "9"]
[White "Sertic, Rudolf"]
[Black "Greenfeld, Alon"]
[Result "0-1"]
[WhiteElo "2406"]
[BlackElo "2566"]
[PlyCount "78"]
[EventDate "2011.08.20"]

1. d4 Nf6 2. Nf3 g6 3. Nc3 d5 4. Bf4 Bg7 5. e3 c6 6. Be2 Qb6 7. a3 Bf5 8. b4
Nbd7 9. h3 Ne4 10. Nxe4 Bxe4 11. c3 e5 12. Bh2 O-O 13. O-O Rfe8 14. Nd2 Bf5 15.
Nb3 Re7 16. a4 Rae8 17. a5 Qd8 18. Bg3 a6 19. Nc5 Nxc5 20. bxc5 Rf8 21. Bh4 f6
22. Qb3 g5 23. Bg3 Kh8 24. Bh5 Be6 25. f4 gxf4 26. exf4 exd4 27. f5 Bf7 28. Bf3
dxc3 29. Bd6 d4 30. Qb4 Bh6 31. Kh1 Be3 32. Rae1 Rfe8 33. Re2 Re5 34. Rd1 Rxf5
35. Qb1 Rxf3 36. gxf3 Qd7 37. Rh2 Bg6 38. Qa1 c2 39. Rf1 Qf5 0-1